<?xml version="1.0" encoding="UTF-8"?>
<record
    xmlns:xsi="http://www.w3.org/2001/XMLSchema-instance"
    xsi:schemaLocation="http://www.loc.gov/MARC21/slim http://www.loc.gov/standards/marcxml/schema/MARC21slim.xsd"
    xmlns="http://www.loc.gov/MARC21/slim">

  <leader>00855nam a22001815i 4500</leader>
  <controlfield tag="001">170746</controlfield>
  <controlfield tag="003">ES-MaACL</controlfield>
  <controlfield tag="005">20230906214441.0</controlfield>
  <controlfield tag="008">090402s1869    sp           |||| | spa d</controlfield>
  <datafield tag="100" ind1="1" ind2=" ">
    <subfield code="a">Fot&#xFA;n, Tom&#xE1;s.</subfield>
    <subfield code="9">139718</subfield>
  </datafield>
  <datafield tag="245" ind1="1" ind2="3">
    <subfield code="a">El robo de Elena </subfield>
    <subfield code="b">: zarzuela bufa en tres actos / </subfield>
    <subfield code="c">arreglada &#xE1; la m&#xFA;sica de Offembach por Tom&#xE1;s Fort&#xFA;n y Miguel Pastorfido.</subfield>
  </datafield>
  <datafield tag="260" ind1=" " ind2=" ">
    <subfield code="a">Madrid : </subfield>
    <subfield code="b">[s.n.], </subfield>
    <subfield code="c">1869 (</subfield>
    <subfield code="f">Impr. de Jos&#xE9; Rodr&#xED;guez)</subfield>
  </datafield>
  <datafield tag="300" ind1=" " ind2=" ">
    <subfield code="a">75 p. ; </subfield>
    <subfield code="c">19 cm.</subfield>
  </datafield>
  <datafield tag="500" ind1=" " ind2=" ">
    <subfield code="a">En port.: Representada por primera vez en el Teatro de la Zarzuela el d&#xED;a 29 de mayo de 1869.</subfield>
  </datafield>
  <datafield tag="700" ind1="1" ind2=" ">
    <subfield code="a">Pastorfido, Miguel.</subfield>
    <subfield code="9">89537</subfield>
  </datafield>
  <datafield tag="700" ind1="0" ind2=" ">
    <subfield code="a">Offembach, Jacques.</subfield>
    <subfield code="9">86558</subfield>
  </datafield>
  <datafield tag="852" ind1=" " ind2=" ">
    <subfield code="a">ES-MaACL</subfield>
    <subfield code="j">F-8559(2) </subfield>
    <subfield code="z">Enc. pasta espa&#xF1;ola </subfield>
    <subfield code="q">.- Falto de la cub. original</subfield>
    <subfield code="z">.- Enc. en un vol. facticio, formando parte de la col. facticia "Teatro espa&#xF1;ol moderno", v. 11</subfield>
  </datafield>
  <datafield tag="999" ind1=" " ind2=" ">
    <subfield code="c">170746</subfield>
    <subfield code="d">170746</subfield>
  </datafield>
  <datafield tag="952" ind1=" " ind2=" ">
    <subfield code="0">0</subfield>
    <subfield code="1">0</subfield>
    <subfield code="4">0</subfield>
    <subfield code="7">0</subfield>
    <subfield code="8">LIBXIX</subfield>
    <subfield code="a">ATENEOM</subfield>
    <subfield code="b">ATENEOM</subfield>
    <subfield code="c">SPP2</subfield>
    <subfield code="d">2009-04-02</subfield>
    <subfield code="e">SC</subfield>
    <subfield code="l">0</subfield>
    <subfield code="o">F-8559(2)</subfield>
    <subfield code="p">1179193</subfield>
    <subfield code="r">2023-02-23 00:00:00</subfield>
    <subfield code="w">2023-02-23</subfield>
    <subfield code="y">MONANT</subfield>
  </datafield>
</record>
